Language Quiz

Random Language or Letter Quiz

Fill-In Words: Three Middle Letters Quiz Stats

Quiz Updated Sep 20, 2017

Challenge
Share
Tweet
Embed
Score 0/30 Timer 08:00
0 Plays Today
Clue Answer % Correct
_ L T A _ALTAR
86.2%
_ S S U _ ISSUE
81.5%
_ X P E _EXPEL
76.7%
_ P R O _ APRON
75.9%
_ A G I _ MAGIC
72.6%
_ U I E _QUIET
68.9%
_ T H I _ETHIC
66.3%
_ H O I _CHOIR
61.4%
_ _ R O Q _ _ BAROQUE
58.7%
_ I O U _ PIOUS
55.7%
_ A T Y _ SATYR
52.7%
_ _ K W A _ _ AWKWARD
50.9%
_ _ U S U _ _ UNUSUAL
45.5%
_ _ B J E _ _ SUBJECT
43%
_ _ H T R _ _ ASHTRAY
37.9%
Clue Answer % Correct
_ _ N I G _ _ TONIGHT
32%
_ _ C I O _ _VICIOUS
28.2%
_ _ _ A K F _ _ _BREAKFAST
27.3%
_ _ G I T _ _ DIGITAL
20.8%
_ _ U N S _ _ COUNSEL
20%
_ _ _ K K N _ _ _JACKKNIFE
17.7%
_ _ O B L _ _ PROBLEM
17.6%
_ _ _ L P R _ _ _FOOLPROOF
14.6%
_ _ _ L L F _ _ _SHELLFISH
12.4%
_ _ _ G E V _ _ _LONGEVITY
11%
_ _ _ F R I _ _ _BOYFRIEND
8.5%
_ _ _ O H O _ _ _ ALCOHOLIC
8.1%
_ _ _ I J U _ _ _ MARIJUANA
5.5%
_ _ _ Y E S _ _ _ POLYESTER
5.5%
_ _ _ N F O _ _ _REINFORCE
3.9%

You're not logged in!

Compare scores with friends on all Sporcle quizzes.
Sign Up with Email
OR
Log In

You Might Also Like...

Show Comments

Extras

Top Quizzes Today


Score Distribution

Your Account Isn't Verified!

In order to create a playlist on Sporcle, you need to verify the email address you used during registration. Go to your Sporcle Settings to finish the process.